| 000 | 01346nab a2200193 i 4500 | ||
|---|---|---|---|
| 001 | 768714001 | ||
| 003 | CO-MdFUSB | ||
| 005 | 20230111154851.0 | ||
| 008 | 220916s2011 gt ||||| |||| 00| 0 spa | ||
| 040 |
_bspa _cCO-MdFUSB _dCO-MdFUSB |
||
| 041 | _aspa | ||
| 100 |
_aKasper, Roberto _eautor |
||
| 245 |
_aSelección del personal idóneo _c/ Roberto Kasper |
||
| 300 |
_aNúmero 49 (Julio - Diciembre, 2011), páginas 114-40 _c ; 23 cm |
||
| 520 | _aLa selección del personal idóneo es una de las tareas más cruciales en la administración de una institución evangélica. El buen funcionamiento del ministerio y sus logros dependen en gran parte de tener las personas indicadas en todos los puestos y un equipo cuyos miembros se ayuden mutuamente a cumplir los objetivos de la organización. Antes de iniciar la búsqueda del nuevo empleado, se debe decidir quién dirigirá el proceso, elaborar una descripción clara del puesto y definir quién se encargará de la entrevista, qué factores se sondearán en la conversación con los candidatos, cuál será el sueldo probable y quiénes se encargarán de orientar, supervisar y mentorear al nuevo empleado. | ||
| 653 | _aempleados | ||
| 773 | 0 |
_049489 _980010 _oR2089 _tKairós _w(CO-MdFUSB)24 _x1014-9341 _gNúmero 49 (Julio - Diciembre, 2011), páginas 114-40 _qpáginas 114 |
|
| 942 | _cANA | ||
| 999 |
_c68158 _d68158 |
||